Notas preliminares sobre las aves de pianguita (Registro nro. 15744)

Detalles MARC
000 -CABECERA
Campo de control 002970000a22001090004500
090 ## - CLASIFICACIÓN LOCAL
Colección As
Consecutivo Seriadas
041 0# - IDIOMA
Código de idioma para texto/pista de sonido o título separado
100 1# - ASIENTO PRINCIPAL--NOMBRE PERSONAL
Nombre personal Morales Zuñiga, Germán
245 10 - MENCION DE TITULO
Título Notas preliminares sobre las aves de pianguita
773 1# - Item fuente:
Título Boletín SAO
Descripción física 16-17
Paginas del Articulo 30-37
Lugar, editorial y fecha de publicación 1998
Información sobre la relación 9
942 ## - ELEMENTOS ADICIONALES (KOHA)
Tipo de ítem Artículo

No hay ítems disponibles.